| 000 | 00429nam a2200169Ia 4500 | ||
|---|---|---|---|
| 001 | 74031 | ||
| 008 | 160804s9999||||xx |||||||||||||| ||und|| | ||
| 020 | _a9789698455408 | ||
| 040 | _cPK-LaUMT | ||
| 082 |
_a 320.9549143 _bIMT-I |
||
| 100 | _aImtiaz Ahmad | ||
| 245 |
_aImran Khan Fistai jazeray mein (Urdu)/ _cImtiaz Ahmad |
||
| 260 |
_aLahore: _bJumhoori Publications, _c2008 |
||
| 300 | _a275 p | ||
| 546 | _aUR | ||
| 942 | _cBK | ||
| 999 |
_c87175 _d87175 |
||